00366nam a2200145Ia 4500008004100000020001800041082001600059100001900075245003100094250000600125260002500131300001800156500002500174650002100199230524s9999 xx 000 0 und d a9780070226322 a5.2762bHOL aSteven Holzner 4aThe Complete Reference PHP a1 aNew DelhibMGHc2018 a"xviii,590p;" aQuantity Number: 10 aComputer Science